Essential statistics for applied linguistics (Record no. 997150)

MARC details
000 -LEADER
fixed length control field 00834nam a2200265Ia 4500
003 - CONTROL NUMBER IDENTIFIER
control field OSt
005 - DATE AND TIME OF LATEST TRANSACTION
control field 20221005091338.0
008 - FIXED-LENGTH DATA ELEMENTS--GENERAL INFORMATION
fixed length control field 221004b |||||||| |||| 00| 0 eng d
020 ## - INTERNATIONAL STANDARD BOOK NUMBER
International Standard Book Number 9780230304819 (pbk)
037 ## - SOURCE OF ACQUISITION
Terms of availability Textual
040 ## - CATALOGING SOURCE
Original cataloging agency CRL
Transcribing agency CRL
Language of cataloging eng
041 ## - LANGUAGE CODE
Source of code eng
Language code of text/sound track or separate title eng
100 ## - MAIN ENTRY--PERSONAL NAME
Personal name Lowie Wander
9 (RLIN) 29124
245 #0 - TITLE STATEMENT
Title Essential statistics for applied linguistics
260 ## - PUBLICATION, DISTRIBUTION, ETC.
Place of publication, distribution, etc. New York
Name of publisher, distributor, etc. Palgrave Macmillan U.S.A
Date of publication, distribution, etc. 2013
300 ## - PHYSICAL DESCRIPTION
Extent xiv, 157p.
Dimensions cm.
650 ## - SUBJECT ADDED ENTRY--TOPICAL TERM
Topical term or geographic name entry element MATHEMATICS
700 ## - ADDED ENTRY--PERSONAL NAME
Personal name Seton Bregtje
9 (RLIN) 29125
942 ## - ADDED ENTRY ELEMENTS (KOHA)
Classification part B280bP, Q3
Koha item type Textual
Source of classification or shelving scheme
Holdings
Withdrawn status Lost status Damaged status Not for loan Home library Current library Date acquired Source of acquisition Cost, normal purchase price Total Checkouts Full call number Barcode Date last seen Cost, replacement price Price effective from Koha item type
        Central Library Central Library 2022-10-05 36971, 05/03/2013, Segment Book Distributors 1836.38   B280bP Q3 CL1550795 2022-10-05 1836.38 2022-10-05 Textual
Copyright @ Delhi University Library System